Biggest Cities of Africa within 100 km with Hints on Dots by Proximity - Statistics

General Stats
  • This quiz has been taken 834 times
  • The average score is 298 of 1124
Answers on the Map
Answers color-coded by a green-red scale on the quiz's map according to % correct below.
 
Answer Stats
City % Correct
Al M____
97%
El_________________
97%
Po_______
97%
Su__
97%
Al Bawit_
96%
Cairo
96%
Gabo____
95%
Mmabat__
95%
Schwei__________
95%
Atakpa__
94%
Johannesburg
94%
Ne_______
94%
Phutha________
94%
Polok____
94%
Sav_
94%
We____
94%
Ad_______
92%
Cape Town
92%
Saldan__
92%
Vredenda_
92%
Anna__
91%
I_____
91%
Sak_
91%
Sfa_
91%
T______
91%
Tiar__
91%
Tunis
91%
Algiers
90%
Djelf_
90%
Eldo___
90%
Lagos
90%
Saf_
90%
Set__
90%
Bandu___
89%
Bolob_
89%
Dolis__
89%
Kasongo-L____
89%
Mata__
89%
Mbanza_______
89%
Mbanza Co___
89%
Alexandria
88%
Casablanca
88%
Kinshasa
88%
Mbal_
88%
Mersa M_____
88%
Zigu______
88%
Aru___
87%
Marala_
87%
Midou_
87%
Nairobi
87%
Nak___
87%
Sain_______
87%
Atbar_
86%
B_
86%
Chanik_
86%
Khartoum
86%
Kos__
86%
Mis____
86%
Nalu_
86%
Nzet_
86%
Shend_
86%
Tako____
86%
Tripoli
86%
Wad_______
86%
Addis Ababa
85%
Bau___
85%
Dakar
85%
J__
85%
Luanda
85%
N'd________
85%
Sumb_
85%
To___
85%
Uig_
85%
Baido_
84%
Beledwe___
84%
Buulobard_
84%
Ceeldhee_
84%
Mogadishu
84%
Tang_
84%
Xuddu_
84%
Accra
83%
Chinhoy_
83%
Dar es Salaam
83%
Kamsa_
83%
Karib_
83%
Kibit_
83%
Moro____
83%
Gul_
82%
Amparaf_______
81%
Antananarivo
81%
Ants_____
81%
Fian________
81%
Kindi_
81%
Mahanor_
81%
Maken_
81%
Qacha's ___
81%
Toam_____
81%
Bat_
80%
Bukob_
80%
Gobabi_
80%
Kontag___
80%
Marienta_
80%
Masak_
80%
Mbarar_
80%
Omarur_
80%
Otjiwaron__
80%
Walvis ___
80%
Win_____
80%
Windhoek
80%
Berb___
79%
Dir______
79%
Mak____
79%
Min__
79%
Oye_
79%
Wukar_
79%
Abuja
78%
Dor_
78%
Dubt_
78%
Ha______
78%
Assa_
77%
Dj______
77%
Djibouti
77%
Gbarng_
77%
Buni_
76%
Chi____
76%
Chivh_
76%
Freetown
76%
Gokw_
76%
Gwer_
76%
Harare
76%
Hoim_
76%
Kampala
76%
Masvin__
76%
Mbal_
76%
Musom_
76%
Chom_
75%
Ki___
75%
Mumbw_
75%
Nzere____
75%
Bafi_
74%
Bamako
74%
Bougoun_
74%
Ebolow_
74%
Kabw_
74%
Kanka_
74%
Kokofat_
74%
Kolokan_
74%
Koutia__
74%
Lusaka
74%
Sagal_
74%
Sego_
74%
Siguir_
74%
Sikas__
74%
Tengrel_
74%
Tinghi_
74%
Greenvill_
73%
Monrovia
73%
Al _______
72%
Div_
72%
Mthath_
72%
Ushiro___
72%
Bam____
71%
Buj______
71%
Buka__
71%
Durban
71%
Mar___
71%
N'Djamena
71%
Ou___
71%
Port Sh_______
71%
Ric_________
71%
Yagou_
71%
Abeng_____
70%
Aru_
70%
Bo_
70%
Bokor_
70%
Bouss_
70%
Butem__
70%
Ma_
70%
Marid_
70%
Moussor_
70%
Yamo________
70%
Ye_
70%
Bawk_
69%
Bert___
69%
Jub_
69%
Juba
69%
Kigali
69%
Lambaren_
69%
Le_
69%
Manzi__
69%
Nelsp____
69%
Phala_____
69%
W_
69%
Yaoundé
69%
Al Kha_____
68%
Aswa_
68%
Ayoro_
68%
Birni_______
68%
Dedougo_
68%
Diapag_
68%
Dogondou____
68%
Doss_
68%
Filingu_
68%
Geor__
68%
Graaff-______
68%
Kand_
68%
Li________
68%
Libreville
68%
Maputo
68%
Marsa Ala_
68%
Niamey
68%
Port-______
68%
Sunyan_
68%
Xai-X__
68%
Abidjan
67%
Bambar_
67%
Bangui
67%
Bo____
67%
Bosobol_
67%
Bossango_
67%
Busing_
67%
Gbadoli__
67%
Gemen_
67%
Kaga Ba_____
67%
San-_____
67%
Sao Tom_
67%
Sibu_
67%
Fez
66%
Sao Tome
66%
Saint______
65%
Victori_
65%
Victoria
65%
Barent_
64%
Cradoc_
64%
Ea_________
64%
Inda Si____
64%
Lomé
64%
Ouagadougou
64%
Ouahigo___
64%
Queen_____
64%
Singid_
64%
Akjouj_
63%
Ale_
63%
As____
63%
As___
63%
Asmara
63%
Babat_
63%
Bis___
63%
Bissau
63%
Gashu_
63%
Gusa_
63%
Hurgha__
63%
Iring_
63%
Ka_____
63%
Kano
63%
Kold_
63%
Koundar_
63%
Lu___
63%
Luxor
63%
Malab_
63%
Meke__
63%
Mgand_
63%
Mlimb_
63%
Nouakchott
63%
Port _____
63%
Port Louis
63%
Santa Mar__
63%
Tambac_____
63%
Zind__
63%
Dodo__
62%
Dodoma
62%
Essaou___
62%
Ifakar_
62%
Mindel_
62%
Ouarzaz__
62%
Port Elizabeth
62%
Prai_
62%
Praia
62%
Bl______
61%
Chipat_
61%
Lab_
61%
Lichi___
61%
Mangoch_
61%
Mzuz_
61%
Tet_
61%
Conakry
60%
Darna_
60%
Kasung_
60%
Lilongwe
60%
Petauk_
60%
Ajdab___
58%
Aliwal _____
58%
B_______
58%
Benghazi
58%
Bloemfontein
58%
Lam_
58%
Malin__
58%
Mombasa
56%
Zagor_
56%
Danielskui_
55%
Kimbe____
55%
Marrakesh
55%
Serow_
55%
De Aa_
54%
Bl__________
53%
Ca_____
53%
Gaborone
53%
Moron_
53%
Moutsamou___
53%
El Bay___
52%
Moroni
52%
Tangier
52%
Oran
51%
Timbukt_
51%
Timbuktu
50%
Kalem__
47%
Kigo__
47%
Nguruk_
47%
Bujumbura
46%
Douala
45%
Malabo
44%
Port Harcourt
44%
Seguel_
44%
Ma_
43%
Salag_
43%
Des_
42%
Para___
42%
Asbe Tef___
41%
Gebei_
40%
Ibadan
40%
Korh___
40%
Po________
40%
Port Sudan
40%
Debre B_____
39%
Debre M______
38%
Ko_____
38%
Mans_
38%
Ncheleng_
38%
Tan-Ta_
38%
Arrecif_
37%
Li____
37%
Lubumbashi
37%
El A____
36%
Gob_
36%
Yamoussoukro
36%
Aswan
34%
Boun_
34%
Guelmi_
34%
Sa_
34%
Shamb_
34%
Agadir
33%
Kumasi
33%
Benin City
32%
Bo
32%
Hawas__
32%
Jim_
32%
Las_______________________
32%
Las Palmas de Gran Canaria
32%
Los Llano____________
32%
Port Said
32%
Beaufor______
30%
Wa
30%
George
29%
Lodj_
29%
San
29%
Suez
29%
Ka_____
28%
Lusamb_
28%
Mwek_
28%
Sfax
28%
Aket_
26%
Basok_
26%
Luba_
26%
Mbuji-Mayi
25%
Mossendj_
25%
Nsanj_
25%
But_
24%
Franci_____
24%
Tchibang_
24%
Burc_
23%
Cuamb_
23%
Funch__
23%
Funchal
23%
Ki_______
23%
Kisangani
23%
Pointe-Noire
23%
Soi_
23%
B_______
21%
Bulawayo
21%
Hargeisa
21%
Odienn_
21%
Sousse
21%
Blantyre
20%
East London
20%
Gomb_
20%
Katima Mu____
20%
Caluquem__
19%
Chiping_
19%
Edinburgh of the Seven Seas
19%
Kaduna
19%
Khorixa_
19%
Smar_
19%
Walvis Bay
19%
Abala_
18%
Bi_
18%
Priesk_
18%
Tanou_
18%
Uacu Cung_
18%
Be___
17%
Beira
17%
Bis___
17%
Co_________
17%
Constantine
17%
Georgetown
17%
Jime__
17%
Nguigm_
17%
El Aaiún
16%
Ga____
16%
Jamestown
16%
Livin______
16%
Livingstone
16%
Man
16%
Saint-Denis
16%
Sirt_
16%
Wadda_
16%
Agade_
15%
Agadez
15%
Ileb_
15%
Letlhakan_
15%
Shiny____
15%
Tamanr_____
15%
Tamanrasset
15%
Arusha
14%
Ceerigaa__
14%
Jalin__
14%
Lobi__
14%
Maiduguri
14%
Onitsha
14%
Cuit_
13%
Kananga
13%
Kida_
13%
Lee_
13%
Maxix_
13%
Menongu_
13%
Montep___
13%
Pemb_
13%
Tabor_
13%
Tobru_
13%
Tobruk
13%
Tsh_____
13%
Xai-Xai
13%
Adra_
12%
Bata
12%
Chinsal_
12%
Ga_
12%
Gao
12%
Huam__
12%
Huambo
12%
Kore_
12%
Luban__
12%
Mouil_
12%
Mw____
12%
Mwanza
12%
Reggan_
12%
Sirte
12%
Al Fula_
11%
Al Jaw_
11%
Al Jawf
11%
An Nu___
11%
Antoni______
11%
Arrecife
11%
Bandarbeyl_
11%
Bel_
11%
Dire Dawa
11%
Gonda_
11%
Jos
11%
Kimberley
11%
Lodwa_
11%
Mindelo
11%
Mpik_
11%
Naca__
11%
Owand_
11%
Santa Maria
11%
Umm Kaddad__
11%
Abu Jibeh_
10%
Bob___________
10%
Bobo-Dioulasso
10%
El ______
10%
Francistown
10%
Inyong_
10%
Kotid_
10%
Luderit_
10%
Makoko_
10%
Misrata
10%
Nam____
10%
Nampula
10%
Songe_
10%
Zalinge_
10%
Awei_
9%
Bany_
9%
Dillin_
9%
Djou___
9%
Ed_
9%
El Fasher
9%
Ihos_
9%
Ilorin
9%
Impfond_
9%
Kadugl_
9%
Kaed_
9%
Kedougo_
9%
Luderitz
9%
Makumba__
9%
Mzuzu
9%
Namib_
9%
Rumbe_
9%
Safi
9%
Umm Ruw___
9%
Upingt__
9%
Upington
9%
Wa_
9%
Wau
9%
Bangasso_
8%
Bereed_
8%
Bond_
8%
Bosas_
8%
Bosaso
8%
Chiredz_
8%
El _____
8%
El Obeid
8%
Francev____
8%
Franceville
8%
Grootfont___
8%
Gulu
8%
Hurghada
8%
Kankan
8%
Kism___
8%
Kismayo
8%
Lisal_
8%
Louis _________
8%
Lubango
8%
Manakar_
8%
Manga_
8%
Tahou_
8%
Tam___
8%
Tamale
8%
Tan-Tan
8%
Wats_
8%
Ain Se___
7%
Al Mijla_
7%
Ambilob_
7%
Antsir_____
7%
Antsiranana
7%
Awbar_
7%
Batangaf_
7%
Berbera
7%
Bukam_
7%
Bukavu
7%
Dalo_
7%
Gha_
7%
Gharda__
7%
Ghat
7%
Gondar
7%
Greenville
7%
Kongol_
7%
Kurayma_
7%
Lagho___
7%
Liwal_
7%
Lobito
7%
Lukolel_
7%
Mananar_
7%
Mau_
7%
Maun
7%
Maxixe
7%
Murzu_
7%
Oum Hadje_
7%
Paou_
7%
Rafa_
7%
Sabh_
7%
Sabha
7%
So____
7%
Sokoto
7%
Springbo_
7%
Tanga
7%
Tete
7%
Tindou_
7%
Tindouf
7%
Zemi_
7%
Zinder
7%
Abech_
6%
Adrar
6%
Ankazoab_
6%
Atbara
6%
Baardhe___
6%
Boend_
6%
Bor
6%
Bouake
6%
Dakhl_
6%
Dakhla
6%
Essaouira
6%
Ey_
6%
Faya-Large__
6%
Garoua
6%
Gbarnga
6%
Gemena
6%
Goba
6%
Grootfontein
6%
Gweru
6%
Kabwe
6%
Kaom_
6%
Kasam_
6%
Kiff_
6%
Kikw__
6%
Kikwit
6%
Kindia
6%
Lamu
6%
Makeni
6%
Mamoudz__
6%
Mamoudzou
6%
Mander_
6%
Mao
6%
Marsabi_
6%
Mbale
6%
Mocimbo_
6%
Mong_
6%
Mound__
6%
Mpand_
6%
Ndel_
6%
Nelspruit
6%
Newala K_______
6%
Ngao______
6%
Nouadh____
6%
Nouadhibou
6%
Port-Gentil
6%
Queenstown
6%
Quel_____
6%
Quelimane
6%
Saint-Louis
6%
Segou
6%
Selibab_
6%
Springbok
6%
Sumbaw____
6%
Toamasina
6%
Vohipah_
6%
Vredendal
6%
Wukari
6%
Yokadoum_
6%
Zagora
6%
Ad Dabba_
5%
Al _______
5%
Ampanih_
5%
Annaba
5%
Antsohih_
5%
Asyut
5%
At_
5%
Baidoa
5%
Becha_
5%
Bechar
5%
Bozou_
5%
Bri_
5%
Bukoba
5%
Bunia
5%
Chipata
5%
Choma
5%
Cradock
5%
De Aar
5%
Dedougou
5%
Divo
5%
Djelfa
5%
Dori
5%
Dosso
5%
Ebolowa
5%
El _____
5%
El Daein
5%
Eldoret
5%
Gimb_
5%
Gobabis
5%
Gombe
5%
Hoby_
5%
In Sala_
5%
In Salah
5%
Kamin_
5%
Kamsar
5%
Kandi
5%
Kassala
5%
Kasungu
5%
Kaye_
5%
Kidal
5%
Kirand_
5%
Kitwe
5%
Kolokani
5%
Laascaa____
5%
Labe
5%
Lambarene
5%
Leo
5%
Mangochi
5%
Mariental
5%
Marsa Alam
5%
Masaka
5%
Mbarara
5%
Mbe__
5%
Mbeya
5%
Mekele
5%
Mersa Matruh
5%
Met_
5%
Midoun
5%
Mopt_
5%
Mopti
5%
Morondav_
5%
Mthatha
5%
Mwinilung_
5%
Namibe
5%
Newcastle
5%
Ob_
5%
Ouess_
5%
Polokwane
5%
Port Mathurin
5%
Rund_
5%
Rundu
5%
Salaga
5%
Save
5%
Seguela
5%
Serowe
5%
Sumbe
5%
Sunyani
5%
Tipp_
5%
Tolia__
5%
Toliara
5%
Touba
5%
Waji_
5%
Welkom
5%
Yagoua
5%
Yei
5%
Abeche
4%
Al Bawiti
4%
Antsirabe
4%
Arba M_____
4%
Arua
4%
Asos_
4%
Assab
4%
Ayorou
4%
'Ayoun el _______
4%
Bafia
4%
Bambari
4%
Bangassou
4%
Banyo
4%
Bawku
4%
Beaufort West
4%
Beli
4%
Berbera__
4%
Bira_
4%
Boende
4%
Bokoro
4%
Bondo
4%
Bosobolo
4%
Bossangoa
4%
Bougouni
4%
Bousso
4%
Bria
4%
Businga
4%
Buta
4%
Chanika
4%
Chinhoyi
4%
Chiredzi
4%
Cuito
4%
Danielskuil
4%
Darnah
4%
Dese
4%
Diapaga
4%
Dongol_
4%
Dongola
4%
Eyl
4%
Fad_
4%
Fada
4%
Faya-Largeau
4%
Filingue
4%
Gambel_
4%
Gariss_
4%
Garissa
4%
Garoow_
4%
Gashua
4%
Gokwe
4%
Gusau
4%
Harpe_
4%
Hoima
4%
Inong_
4%
Iringa
4%
Kaoma
4%
Kariba
4%
Kayes
4%
Kedougou
4%
Keetmansho__
4%
Keetmanshoop
4%
Khorixas
4%
Kokofata
4%
Kolda
4%
Kotido
4%
Koundara
4%
Lisala
4%
Lodwar
4%
Mahanoro
4%
Makokou
4%
Mandera
4%
Manzini
4%
Maridi
4%
Maroua
4%
Marsabit
4%
Meigan__
4%
Mlimba
4%
Mouila
4%
Moundou
4%
Moussoro
4%
Mpika
4%
Mumbwa
4%
Musoma
4%
Nakuru
4%
Nalut
4%
Ndele
4%
Nguigmi
4%
Nsanje
4%
Nzeto
4%
Obo
4%
Odienne
4%
Omaruru
4%
Ouesso
4%
Oujda
4%
Oyem
4%
Pemba
4%
Petauke
4%
Prieska
4%
Richards Bay
4%
Sag_
4%
Sagalo
4%
Saki
4%
Setif
4%
Sibut
4%
Siguiri
4%
Sikasso
4%
Singida
4%
Songea
4%
Tchibanga
4%
Tengrela
4%
Timimou_
4%
Timimoun
4%
Tinghir
4%
Uacu Cungo
4%
Uige
4%
Waddan
4%
Aketi
3%
Akjoujt
3%
Aleg
3%
Am Tima_
3%
Antalah_
3%
Ata_
3%
Awbari
3%
Babati
3%
Bahi_____
3%
Bahir Dar
3%
Bamenda
3%
Barentu
3%
Basoko
3%
Batangafo
3%
Birao
3%
Biu
3%
Bolobo
3%
Bouna
3%
Bumb_
3%
Bumba
3%
Burco
3%
Butembo
3%
Buulobarde
3%
Calabar
3%
Ceeldheer
3%
Chinsali
3%
Chipinge
3%
Chivhu
3%
Daloa
3%
Djougou
3%
Dubti
3%
Edd
3%
El Ou__
3%
Fianarantsoa
3%
Gambela
3%
Gebeit
3%
Gene___
3%
Geneina
3%
Graaff-Reinet
3%
Guelmim
3%
Hobyo
3%
Ifakara
3%
Ihosy
3%
Impfondo
3%
Inyonga
3%
Jima
3%
Kaedi
3%
Kamina
3%
Kasong_
3%
Kibiti
3%
Kiffa
3%
Kigoma
3%
Kind_
3%
Kindu
3%
Kirando
3%
Kolwezi
3%
Leer
3%
Letlhakane
3%
Likasi
3%
Liwale
3%
Lodja
3%
Los Llanos de Aridane
3%
Louis Trichardt
3%
Lua_
3%
Lucap_
3%
Luen_
3%
Lukolela
3%
Lusambo
3%
Mahaj____
3%
Mahajanga
3%
Maintiran_
3%
Mala___
3%
Malakal
3%
Malindi
3%
Manakara
3%
Mansa
3%
Maralal
3%
Mban____
3%
Mbandaka
3%
Menongue
3%
Mgandu
3%
Mong_
3%
Mongu
3%
Morondava
3%
Mossendjo
3%
Mpanda
3%
Mtwar_
3%
Mtwara
3%
Nchelenge
3%
Nem_
3%
Nema
3%
Ngaoundere
3%
Nguruka
3%
Nzerekore
3%
Ouarzazat
3%
Owando
3%
Paoua
3%
Parakou
3%
Rafai
3%
Reggane
3%
Saldanha
3%
San-Pedro
3%
Shendi
3%
Smara
3%
Soio
3%
Tabora
3%
Tahoua
3%
Vohipaho
3%
Watsa
3%
Xuddur
3%
Yambi_
3%
Yokadouma
3%
Zemio
3%
Ziguinchor
3%
Abalak
2%
Ad-D______
2%
Ad Dabbah
2%
Al Hoceima
2%
Aliwal North
2%
Ambovo___
2%
Ambovombe
2%
Am Timan
2%
Antalaha
2%
Asosa
2%
Atar
2%
Bandarbeyla
2%
Bandundu
2%
Bauchi
2%
Berberati
2%
Bereeda
2%
Bertoua
2%
Biskra
2%
Bukama
2%
Cuamba
2%
Gaalkac__
2%
Gaalkacyo
2%
Garoowe
2%
Gimbi
2%
Harper
2%
Ilebo
2%
Isir_
2%
Isiro
2%
Kasama
2%
Katsina
2%
Kongolo
2%
Korem
2%
Korhogo
2%
Kosti
2%
Kuraymah
2%
Laascaanood
2%
Lubao
2%
Lucapa
2%
Luena
2%
Malanj_
2%
Malanje
2%
Mananara
2%
Mangai
2%
Matadi
2%
Metu
2%
Minna
2%
Morogoro
2%
Moyal_
2%
Moyale
2%
Murzuq
2%
Mweka
2%
Nacala
2%
Oshakat_
2%
Oshakati
2%
Otjiwarongo
2%
Ouarg__
2%
Ouargla
2%
Port-aux-Francai_
2%
Port Shepstone
2%
Rumbek
2%
Saurim_
2%
Saurimo
2%
Shambu
2%
Takoradi
2%
Tambacounda
2%
Tippi
2%
Wajir
2%
Yambio
2%
Zalingei
2%
Zouera_
2%
Zouerat
2%
Abengourou
1%
Abu Jibeha
1%
Ado-Ekiti
1%
Ain Sefra
1%
Ajdabiya
1%
Al Fulah
1%
Al Mijlad
1%
Al Minya
1%
Al Qadarif
1%
Ambilobe
1%
Ampanihy
1%
Ankazoabo
1%
Antsohihy
1%
Arba Minch'
1%
Atakpame
1%
Ati
1%
Aweil
1%
Beledweyne
1%
Birnin Kebbi
1%
Bozoum
1%
Caluquembe
1%
Ceerigaabo
1%
Chimoio
1%
Debre Birhan
1%
Debre Mark'os
1%
Dilling
1%
Dogondoutchi
1%
Dolisie
1%
El Bayadh
1%
El Mahalla El Kubra
1%
El Oued
1%
Gbadolite
1%
Ghardaia
1%
Hawassa
1%
Inongo
1%
Jalingo
1%
Jimeta
1%
Kadugli
1%
Kaga Bandoro
1%
Kalemie
1%
Kasongo
1%
Katima Mulilo
1%
Kontagora
1%
Koutiala
1%
Laghouat
1%
Lichinga
1%
Luau
1%
Maintirano
1%
Makurdi
1%
Masvingo
1%
Mbanza Congo
1%
Mbanza-Ngungu
1%
Meiganga
1%
Mmabatho
1%
Mocimboa
1%
Mongo
1%
Moutsamoudou
1%
Mwinilunga
1%
N'dalatando
1%
Ouahigouya
1%
Phalaborwa
1%
Phuthaditjhaba
1%
Qacha's Nek
1%
Sagh
1%
Schweizer-Reneke
1%
Selibabi
1%
Shinyanga
1%
Sumbawanga
1%
Tanout
1%
Tebessa
1%
Tiaret
1%
Tshikapa
1%
Ad-Damazin
0%
Al Kharijah
0%
Amparafaravola
0%
An Nuhud
0%
Antonio Enes
0%
Asbe Teferi
0%
'Ayoun el 'Atrous
0%
Baardheere
0%
Inda Silase
0%
Kasongo-Lunda
0%
Makumbako
0%
Montepuez
0%
Newala Kisimani
0%
Oum Hadjer
0%
Umm Kaddadah
0%
Umm Ruwaba
0%
Ushirombo
0%
Wad Medani
0%
No matching quizzes found
Score Distribution
Percent of People with Each Score
Percentile by Number Answered
Your Score History
You have not taken this quiz